[Event "FICGS class A 000096 email"]
[Site "FICGS email"]
[Date "2011.06.24"]
[Round "1"]
[White "Mamrukov, Dmitri"]
[Black "Saindon, Daniel"]
[Result "1-0"]
[WhiteElo "2143"]
[BlackElo "2055"]
[PlyCount "83"]
[EventDate "2011.??.??"]
[EventType "tourn (corr)"]
[EventRounds "1"]
[SourceTitle "Corr 2013"]
[Source "ChessBase"]
[SourceDate "2012.11.12"]
[SourceVersion "1"]
[SourceVersionDate "2012.11.12"]
[SourceQuality "1"]

1. d4 Nf6 2. c4 g6 3. Nc3 Bg7 4. e4 d6 5. Nf3 0-0 6. h3 e5 7. d5 a5 8. Bg5 Na6 9. Nd2 Qe8 10. Be2 Nd7 11. a3 f6 12. Bh4 Nb6 13. b3 Bd7 14. f3 Bh6 15. Bf2 Nc5 16. Rb1 Qe7 17. Qc2 f5 18. 0-0 Qg5 19. Rbd1 Qe7 20. b4 Nca4 21. c5 axb4 22. axb4 Nxc3 23. Qxc3 Na4 24. Qc2 Qe8 25. exf5 gxf5 26. Ra1 Kh8 27. Rfd1 Rg8 28. Bf1 Bf4 29. c6 bxc6 30. Rxa4 Rxa4 31. Qxa4 cxd5 32. Qa5 Rg7 33. Qxd5 Bc6 34. Qc4 h6 35. b5 Bb7 36. Qc3 Kh7 37. Be3 Bxe3+ 38. Qxe3 e4 39. fxe4 fxe4 40. Qd4 Qg6 41. Nc4 h5 42. b6 1-0

[Event "FICGS class A 000096 email"]
[Site "FICGS email"]
[Date "2011.06.24"]
[Round "1"]
[White "Saindon, Daniel"]
[Black "Cookson, Timothy"]
[Result "1/2-1/2"]
[WhiteElo "2055"]
[BlackElo "2089"]
[PlyCount "76"]
[EventDate "2011.??.??"]
[EventType "tourn (corr)"]
[EventRounds "1"]
[SourceTitle "Corr 2013"]
[Source "ChessBase"]
[SourceDate "2012.11.12"]
[SourceVersion "1"]
[SourceVersionDate "2012.11.12"]
[SourceQuality "1"]

1. d4 d5 2. c4 c6 3. Nf3 Nf6 4. Nc3 e6 5. Bg5 h6 6. Bh4 dxc4 7. e4 g5 8. Bg3 b5 9. Be2 Bb7 10. h4 g4 11. Ne5 Nbd7 12. Bxg4 Nxe5 13. Bxe5 Rg8 14. Bf3 Nd7 15. Bg3 Qb6 16. Qd2 0-0-0 17. 0-0-0 b4 18. Ne2 Ba6 19. Kb1 c3 20. Qc2 cxb2 21. Kxb2 c5 22. dxc5 Nxc5 23. Rxd8+ Qxd8 24. Nc1 Bg7+ 25. e5 Qc7 26. Kb1 Rd8 27. Be2 Bxe2 28. Nxe2 Kb7 29. f4 Qc6 30. Rc1 Qe4 31. Kb2 Qxc2+ 32. Kxc2 Ne4 33. Be1 a5 34. a3 Bf8 35. axb4 axb4 36. Kb3 Nc5+ 37. Kc4 Nd3 38. Rb1 Nxe1 1/2-1/2

[Event "FICGS class A 000096 email"]
[Site "FICGS email"]
[Date "2011.06.24"]
[Round "1"]
[White "Saindon, Daniel"]
[Black "Van Dijk, Erik"]
[Result "1-0"]
[WhiteElo "2055"]
[BlackElo "2000"]
[PlyCount "53"]
[EventDate "2011.??.??"]
[EventType "tourn (corr)"]
[EventRounds "1"]
[SourceTitle "Corr 2013"]
[Source "ChessBase"]
[SourceDate "2012.11.12"]
[SourceVersion "1"]
[SourceVersionDate "2012.11.12"]
[SourceQuality "1"]

1. d4 Nf6 2. c4 c5 3. d5 Ne4 4. Qc2 Qa5+ 5. Nd2 Nd6 6. b3 f5 7. Bb2 Ne4 8. Ngf3 d6 9. e3 e5 10. dxe6 Nc6 11. a3 Bxe6 12. Bd3 Nxd2 13. Nxd2 Ne7 14. 0-0 h6 15. e4 fxe4 16. Bxe4 0-0-0 17. Rfe1 Bf7 18. b4 Qc7 19. bxc5 Qxc5 20. Rab1 b6 21. Qd3 Rd7 22. Bd4 Qh5 23. a4 Bg6 24. a5 Bxe4 25. Qxe4 d5 26. Qd3 Qg6 27. Qc3 1-0

[Event "FICGS class B 000108 email"]
[Site "FICGS email"]
[Date "2010.04.20"]
[Round "1"]
[White "Lipsits, Sasha"]
[Black "Saindon, Daniel"]
[Result "0-1"]
[WhiteElo "1880"]
[BlackElo "1800"]
[PlyCount "138"]
[EventDate "2010.??.??"]
[EventType "tourn (corr)"]
[EventRounds "5"]
[SourceTitle "Corr 2013"]
[Source "ChessBase"]
[SourceDate "2012.11.12"]
[SourceVersion "1"]
[SourceVersionDate "2012.11.12"]
[SourceQuality "1"]

1. e4 c5 2. Nf3 d6 3. d4 cxd4 4. Nxd4 Nf6 5. Nc3 a6 6. Bg5 e6 7. f4 Be7 8. Qf3 Qc7 9. 0-0-0 Nbd7 10. g4 b5 11. Bxf6 Nxf6 12. g5 Nd7 13. f5 Bxg5+ 14. Kb1 Ne5 15. Qh5 Qe7 16. Nxe6 Bxe6 17. fxe6 g6 18. exf7+ Kxf7 19. Qh3 Kg7 20. Nd5 Qd8 21. Qc3 Ra7 22. Qa3 Qb8 23. h4 Bh6 24. h5 a5 25. hxg6 hxg6 26. Be2 b4 27. Qg3 Qd8 28. Rh2 Rf7 29. Rh5 Kh7 30. Rh3 Kg8 31. Bg4 Kg7 32. Be6 Rf3 33. Qg1 Rh7 34. Rxf3 Nxf3 35. Qf2 Ne5 36. Rh1 Qf8 37. Qb6 Kh8 38. Qxa5 Bg7 39. Rd1 Rh2 40. Nxb4 Qf3 41. Qd8+ Kh7 42. Rc1 Rh1 43. Bg8+ Kh6 44. Qxd6 Bf8 45. Qd2+ Kg7 46. Nd3 Rxc1+ 47. Nxc1 Kxg8 48. Qd5+ Nf7 49. a4 Qh1 50. Qa8 Kg7 51. Qa7 Bd6 52. Qe3 Qf1 53. Qd3 Qe1 54. c4 Bf4 55. Qc3+ Qxc3 56. bxc3 Nd6 57. Nb3 Nxe4 58. Kc2 Bd6 59. Kd3 Nc5+ 60. Nxc5 Bxc5 61. a5 Kf6 62. Ke4 g5 63. Kd5 g4 64. Ke4 Kg5 65. a6 Ba7 66. c5 Bxc5 67. c4 Ba7 68. Kd3 g3 69. Ke2 g2 0-1

[Event "FICGS class B 000108 email"]
[Site "FICGS email"]
[Date "2010.04.20"]
[Round "1"]
[White "Panov, Dmitry"]
[Black "Saindon, Daniel"]
[Result "0-1"]
[WhiteElo "1988"]
[BlackElo "1800"]
[PlyCount "84"]
[EventDate "2010.??.??"]
[EventType "tourn (corr)"]
[EventRounds "5"]
[SourceTitle "Corr 2013"]
[Source "ChessBase"]
[SourceDate "2012.11.12"]
[SourceVersion "1"]
[SourceVersionDate "2012.11.12"]
[SourceQuality "1"]

1. e4 c5 2. c3 Nf6 3. e5 Nd5 4. d4 cxd4 5. cxd4 d6 6. Nf3 Nc6 7. Bc4 e6 8. 0-0 Be7 9. Qe2 0-0 10. Qe4 Bd7 11. Bd3 f5 12. exf6 Nxf6 13. Qe2 Qa5 14. Nc3 Qh5 15. Re1 Rae8 16. h3 Nd5 17. Be4 Kh8 18. Bd2 Nxc3 19. Bxc3 d5 20. Bc2 Bd6 21. a3 Re7 22. Rad1 a6 23. Rd3 Be8 24. Re3 Rf6 25. Bd2 h6 26. Qf1 Kg8 27. Bc3 Bf4 28. R3e2 Bc7 29. Bb1 Bb8 30. Rd2 Rxf3 31. gxf3 Qh4 32. Bd3 Bf4 33. Rdd1 Bd7 34. Qg2 e5 35. Bf1 Bf5 36. dxe5 Re6 37. Rxd5 Rg6 38. Qxg6 Bxg6 39. e6 Ne7 40. Rd7 Bh5 41. Bg2 Qg5 42. h4 Qxh4 0-1

[Event "FICGS class B 000108 email"]
[Site "FICGS email"]
[Date "2010.04.20"]
[Round "1"]
[White "Simpson, Maggie"]
[Black "Saindon, Daniel"]
[Result "0-1"]
[WhiteElo "1800"]
[BlackElo "1800"]
[PlyCount "36"]
[EventDate "2010.??.??"]
[EventType "tourn (corr)"]
[EventRounds "5"]
[SourceTitle "Corr 2013"]
[Source "ChessBase"]
[SourceDate "2012.11.12"]
[SourceVersion "1"]
[SourceVersionDate "2012.11.12"]
[SourceQuality "1"]

1. e4 c5 2. Nf3 d6 3. d4 cxd4 4. Nxd4 Nf6 5. Nc3 a6 6. Be3 e5 7. Nb3 Be6 8. f3 Be7 9. Qd2 Nbd7 10. g4 h6 11. 0-0-0 b5 12. h4 Nb6 13. Qf2 Nfd7 14. Kb1 Qc7 15. Nd5 Bxd5 16. exd5 Nc4 17. Bc1 Qb6 18. Qe1 a5 0-1

[Event "FICGS class B 000098 email"]
[Site "FICGS email"]
[Date "2010.01.26"]
[Round "1"]
[White "Saindon, Daniel"]
[Black "Faust, Dieter"]
[Result "1-0"]
[WhiteElo "1800"]
[BlackElo "1980"]
[PlyCount "37"]
[EventDate "2010.??.??"]
[EventType "tourn (corr)"]
[EventRounds "6"]
[SourceTitle "Corr 2013"]
[Source "ChessBase"]
[SourceDate "2012.11.12"]
[SourceVersion "1"]
[SourceVersionDate "2012.11.12"]
[SourceQuality "1"]

1. d4 Nf6 2. Bg5 e6 3. e4 h6 4. Bxf6 Qxf6 5. Nc3 Bb4 6. Qd2 d5 7. e5 Qg6 8. Nf3 c5 9. a3 Bxc3 10. Qxc3 Qe4+ 11. Kd1 Nc6 12. Qxc5 Bd7 13. Bd3 Qf4 14. h3 f6 15. Re1 fxe5 16. Rxe5 Rf8 17. a4 Nxe5 18. Nxe5 Rf6 19. g3 1-0